Are there laws of innovation? (Record no. 1308944)

MARC details
000 -LEADER
fixed length control field 01697nam a22002417a 4500
005 - DATE AND TIME OF LATEST TRANSACTION
control field 20250603150633.0
008 - FIXED-LENGTH DATA ELEMENTS--GENERAL INFORMATION
fixed length control field 250414b |||||||| |||| 00| 0 eng d
020 ## - INTERNATIONAL STANDARD BOOK NUMBER
International Standard Book Number 9789811251177
040 ## - CATALOGING SOURCE
Transcribing agency SDCL
041 ## - LANGUAGE CODE
Source of code eng
Language code of text/sound track or separate title eng
084 ## - COLON CLASSIFICATION NUMBER
Classification number X:328.1'P R2
100 ## - MAIN ENTRY--PERSONAL NAME
Personal name Lau, Lawrence J.
9 (RLIN) 236491
245 ## - TITLE STATEMENT
Title Are there laws of innovation?
260 ## - PUBLICATION, DISTRIBUTION, ETC.
Place of publication, distribution, etc. London :
Name of publisher, distributor, etc. World Scientific,
Date of publication, distribution, etc. 2022.
300 ## - PHYSICAL DESCRIPTION
Extent xviii, 226p.
520 ## - SUMMARY, ETC.
Summary, etc. Beyond real GDP, innovative capacity is an important indicator of the economic strength of a nation. By studying innovative capacity and other indicators of success in innovation across the Group-of-Seven (G7) Countries, the East Asian Newly Industrialised Economies (EANIEs) and Mainland China, this book will systematically establish a positive relationship between innovation outputs and inputs of different economies. In doing so, it seeks to answer the question — are there laws of innovation? It seeks to identify the determinants of innovation at the economy-wide level, ascertain whether these determinants are similar across different economies, and find suitable metrics for comparing relative success in innovation across different economies. It concludes that innovation, rather than being a stroke of good fortune, comes from research and development activities conducted over a long period of time, and sheds light on future trends and areas for further research.
650 ## - SUBJECT ADDED ENTRY--TOPICAL TERM
Topical term or geographic name entry element Business & Economics / Knowledge Capital
9 (RLIN) 811603
650 ## - SUBJECT ADDED ENTRY--TOPICAL TERM
Topical term or geographic name entry element Business & Economics / Research & Development
9 (RLIN) 811604
650 ## - SUBJECT ADDED ENTRY--TOPICAL TERM
Topical term or geographic name entry element Law / Intellectual Property / Patent
9 (RLIN) 811605
700 ## - ADDED ENTRY--PERSONAL NAME
Personal name Xiong, Yanyan
9 (RLIN) 752244
942 ## - ADDED ENTRY ELEMENTS (KOHA)
Source of classification or shelving scheme Colon Classification (CC)
Koha item type Textual
Suppress in OPAC No
Holdings
Withdrawn status Lost status Source of classification or shelving scheme Damaged status Not for loan Home library Current library Date acquired Source of acquisition Inventory number Total Checkouts Full call number Barcode Date last seen Price effective from Koha item type
    Colon Classification (CC)     South Campus Library South Campus Library 2025-04-14 Ashutosh Technical Books 8965, 05/12/2024, USD 58.00   X:328.1'P R2 SC1690657 2025-04-14 2025-04-14 Textual
Copyright @ Delhi University Library System